000
00297nam a2200109Ia 4500
008
230907s9999||||xx |||||||||||||| ||und||
082
_a
340.115
_b
POW
245
4
_a
The power of law in a transnational world :
260
_a
Berghahn Books,
_b
New York :
_c
2009
300
_a
vi, 271 p. :
942
_c
BK
999
_c
600690
_d
600690